Word Ladder: East Asian Island Capital and Country Quiz Stats

 Plays Quiz Updated Dec 6, 2017

Challenge
Share
Tweet
Embed
Score 0/14 Timer 01:30
1 Play Today
Hint 3-Letter Answer % Correct
Young male humanBOY
98.3%
• An accessory usually worn with a suit •• TIE •
98.2%
A child's playthingTOY
98%
Digit on the footTOE
97.9%
A beam of sunshineRAY
93.8%
• ___ chi - a variety of martial art •• TAI •
93.8%
Pale shade of brownTAN
90.5%
Hint 3-Letter Answer % Correct
Michael ___ - director of TransformersBAY
89.9%
A shallow baking dishPAN
89.5%
Utter aloudSAY
88.9%
Participated in a foot raceRAN
88.2%
• To transfer money in exchange for goods •• PAY •
86.9%
The weapon of choice for Raphael (TMNT)SAI
82.3%
• A sickly pallor •• WAN •
61.6%

Today's Daily Dose

Missing Word
New England Movies

Word Ladder
Royal Titles

Get the Picture
Big 4 'B' All-Stars

You're not logged in!

Compare scores with friends on all Sporcle quizzes.
OR
Log In

You Might Also Like...

Show Comments

Extras

Top Quizzes Today


Score Distribution

Your Account Isn't Verified!

In order to create a playlist on Sporcle, you need to verify the email address you used during registration. Go to your Sporcle Settings to finish the process.

Report this User

Report this user for behavior that violates our Community Guidelines.

Details: